Album Covers by Letter - R - Statistics

General Stats
  • This quiz has been taken 125 times
  • The average score is 9 of 16
Answer Stats
Picture Answer % Correct
Rumours - Fleetwood Mac
91%
Random Access Memories - Daft Punk
82%
Revolver - The Beatles
81%
The Rise and Fall of Ziggy Stardust and the Spiders from Mars - David Bowie
76%
Remain in Light - Talking Heads
67%
Ramones - Ramones
63%
Ready To Die - The Notorious B.I.G.
60%
Renaissance - Beyoncé
59%
Rage Against The Machine - Rage Against The Machine
53%
Ram - Paul and Linda McCartney
51%
Rust in Peace - Megadeth
48%
A Rush of Blood to the Head - Coldplay
47%
Red - King Crimson
35%
Romance - Fontaines D.C.
26%
Rocks - Aerosmith
22%
Radio City - Big Star
7%
No matching quizzes found
Score Distribution
Percent of People with Each Score
Percentile by Number Answered
Your Score History
You have not taken this quiz